000 00218 a2200097 4500
001 41450
100 _aFOW
245 _aThe shorter oxford anglish dictionary
260 _aLondan
_bclarendon
_c
090 _c25622
_d25622
942 _aNUST-CAE
_cM
_c17361
999 _c276523
_d276523